Normal view
MARC view
Entry Personal Name
001 - CONTROL NUMBER
- control field: 16248
003 - CONTROL NUMBER IDENTIFIER
- control field: OSt
005 - DATE AND TIME OF LATEST TRANSACTION
- control field: 20211105134022.0
008 - FIXED-LENGTH DATA ELEMENTS
- fixed length control field: 211105|| aca||aabn | a|a d
040 ## - CATALOGING SOURCE
- Original cataloging agency: OSt
- Transcribing agency: OSt
100 ## - HEADING--PERSONAL NAME
- Personal name: Furenlid, I
670 ## - SOURCE DATA FOUND
- Source citation: Work cat.: (OSt): Kurucz, R. L. 10410, Solar flux atlas from 296 to 1300 nm, 1984